00874nam a2200181 a 4500003000200000005001700002008004100019050003100060100002800091245015400119260009300273300004800366504003900414650005500453650005100508650006400559650006900623020250527095534.0021127s19uu xx 00 eng d aPGS HE 336.L37b.M645 2001 aMillare, Genina Andrea. aPerceptions to the traffic problem in Las Piñas as perceived by the grade six students of Southville International School /cGenina Andrea Millare. aLas Piñas City, Philippines : bSouthville International School and Colleges, c2001. a19 pages :bcolored illustrations ;c28 cm. aIncludes bibliographic references. aTraffic congestionzPhilippineszLas Piñas City. aTraffic problemszPhilippinesvPublic opinion. aGrade school studentszPhilippinesvOpinions and attitudes. aSouthville International School (Las Piñas City, Philippines).